| 000 | 00938nam a2200265 a 4500 | ||
|---|---|---|---|
| 005 | 20210219152818.0 | ||
| 008 | 991125n1994 esp 000 0 spa u | ||
| 022 | _a1133-9853 | ||
| 035 | _aUPN01000062116 | ||
| 049 | _aREV-E | ||
| 245 | 0 | 0 |
_aUNO : _bREVISTA DE DIDACTICA DE LAS MATEMATICAS |
| 260 |
_aEspaña : _bGraó Educación de Serveis Padagógics _c1994 |
||
| 310 | _aTrimestral | ||
| 505 | 0 | _aLos trabajos pueden hacer referencia a cualquier tema relacionado con la enseñanza-aprendizaje de las matemáticas y a cualquier nivel educativo. | |
| 510 | 0 | _aISOC, Latindex-Catálogo, Latindex-Directorio | |
| 653 | 0 | _aMATEMATICAS | |
| 653 | 0 | _aDIDACTICA DE LA MATEMATICA | |
| 653 | 0 | _aENSEÑANZA-APRENDIZAJE DE LAS MATEMATICAS | |
| 653 | 0 | _aCIENCIAS EXACTAS | |
| 905 | _aRevista | ||
| 336 | _atexto$2rdacontent | ||
| 337 | _acomputadora$2rdamedia | ||
| 338 | _arecurso en l nea$2rdacarrier | ||
| 999 |
_c61506 _d61506 |
||